000 00303nam a22001457a 4500
008 221007b ||||| |||| 00| 0 eng d
020 _a0440500672
041 _aeng
080 _a7
082 _a7 DIC
100 _a21.1
101 _aART
245 _aMERLIN DREAMS
_cDICKINSON P
942 _2udc
_cBK
999 _c58403
_d58403